Clipped Words II Quiz Stats

 Plays Quiz Updated Jul 4, 2015

Also try: Clipped Words
Challenge
Share
Tweet
Embed
Score 0/24 Timer 04:00
0 Plays Today
Clipped Word Original Word % Correct
phonetelephone
94%
gatoralligator
93.9%
app (technology)application
93.3%
lab (science)laboratory
93%
rehabrehabilitate
92.6%
coke (drug)cocaine
92%
sub (nautical)submarine
88.1%
demo (construction)demolition
85.3%
uni (school)university
82.3%
amp (music)amplifier
81.6%
limolimousine
79.9%
doc (movies)documentary
78.5%
Clipped Word Original Word % Correct
absabdominals
77.3%
fan (sports)fanatic
76.2%
narcnarcotics officer
67.1%
rep (status)reputation
61.5%
perk (coffee)percolate
54%
scramscramble
52.6%
quad (campus)quadrangle
47.1%
chemistalchemist
37.3%
hack (taxi)hackney
25.1%
clerkcleric
19.5%
cab (taxi)cabriolet
13.8%
trump (cards)triumph
9%

You're not logged in!

Compare scores with friends on all Sporcle quizzes.
OR
Log In

You Might Also Like...

Show Comments

Extras

Top Quizzes Today


Score Distribution

Your Account Isn't Verified!

In order to create a playlist on Sporcle, you need to verify the email address you used during registration. Go to your Sporcle Settings to finish the process.

Report this User

Report this user for behavior that violates our Community Guidelines.

Details: